The ISO 14001:2015 Implementation Handbook : Using the Process Appproach to Build an Environmental Management System /
Guardado en:
| Autor principal: | |
|---|---|
| Formato: | Libro |
| Lenguaje: | inglés |
| Publicado: |
Milwaukee
ASQ
2016
|
| Materias: | |
| Etiquetas: |
Sin Etiquetas, Sea el primero en etiquetar este registro!
|
MARC
| LEADER | 00000nam a22000003a 4500 | ||
|---|---|---|---|
| 001 | 0030904 | ||
| 003 | SK-STU | ||
| 005 | 20180202115500.6 | ||
| 007 | ta | ||
| 008 | 180202s ----xo-----e------000-0-----d | ||
| 020 | |a 978-0-87389-929-1 | ||
| 040 | |a STU |b slo | ||
| 041 | 0 | |a eng | |
| 044 | |a xxu | ||
| 100 | 1 | |a Dentch, Milton P. |4 aut | |
| 245 | 1 | 0 | |a The ISO 14001:2015 Implementation Handbook : |b Using the Process Appproach to Build an Environmental Management System / |c aut. Milton P Dentch |
| 260 | |a Milwaukee |b ASQ |c 2016 | ||
| 300 | |a 119 s. |e 1 DVD-ROM | ||
| 650 | 0 | 7 | |a environmentálne manažérstvo |
| 996 | |b 284M087620 |c M* 14102-1 |l MMKN |s A |a 24 |w 0030904_0001 | ||